| 000 | 00500nam a2200169 i 4500 | ||
|---|---|---|---|
| 001 | 146644 | ||
| 003 | ES-MaACL | ||
| 005 | 20230906201621.0 | ||
| 007 | t| | ||
| 008 | 070913s1967 sp ||||1| spa d | ||
| 100 | 1 |
_aTrevor, Meriol. _9111356 |
|
| 245 | 1 | 3 |
_aEl Papa Juan / _cMeriol Trevor ; traducción Mercedes LLoret Compte. |
| 260 |
_aBarcelona : _bIberia, _c[1967] |
||
| 300 |
_a349 p. : _bil. ; _c21 cm. |
||
| 700 | 1 |
_aLloret Compte, Mercedes. _972922 |
|
| 852 |
_aES-MaACL _jC-35231 _bR.68204 |
||
| 999 |
_c146644 _d146644 |
||